| 000 | 00489nam a22001577a 4500 | ||
|---|---|---|---|
| 020 | _qHard Cover. | ||
| 082 | _a658.4 | ||
| 100 | _aAli Mir,Abbas | ||
| 245 |
_aApplication of Relationship marketing in telecom Industry of Pakistan _cAbbas Ali Mir. |
||
| 260 |
_aIslamabad : _bNBS - NUST, _c2015. |
||
| 300 |
_a25 p, ill. : _c30cm. |
||
| 650 |
_aEMBA Thesis _917645 |
||
| 700 |
_aBillal Ahmed Chohan. _926103 |
||
| 942 |
_2ddc _cTHE |
||
| 999 |
_c532527 _d532527 |
||